000 00455cam a22001457a 4500
008 180718b1995 xxu||||| |||| 00| 0 eng d
082 _aAPPPA 94-95 JAI
100 _aJain, Arun Kumar
245 _aTotal quality management: a study of two industrial units
_cby Arun Kumar Jain
260 _aNew Delhi
_bIndian Institute of Public Administration
_c1995
300 _a122p.
650 _aAPPPA
650 _aManagement
650 _aTotal quality management
999 _c481087
_d481087